[Event "EU-chT Seniors 03rd"]
[Site "Dresden"]
[Date "2001.03.02"]
[Round "6.1"]
[White "Dahlhaus, Friedhelm"]
[Black "Weber, Bernd"]
[Result "0-1"]
[WhiteElo "2146"]
[BlackElo "2120"]
[EventDate "2001.02.26"]
[PlyCount "76"]

1.e4 e5 2.Nf3 Nc6 3.Bb5 Nf6 4.O-O Nxe4 5.d4 Nd6 6.dxe5 Nxb5 7.a4 Nd6 8.
exd6 Bxd6 9.Re1+ Be7 10.b4 d6 11.b5 Ne5 12.Nxe5 dxe5 13.Qxd8+ Kxd8 14.Bb2 
f6 15.Nc3 c6 16.f4 Bc5+ 17.Kh1 Bd4 18.Nd1 Bd7 19.fxe5 Bxb2 20.Nxb2 cxb5 
21.Rad1 fxe5 22.Rxe5 Re8 23.Red5 Re7 24.axb5 Kc7 25.Nc4 Rae8 26.Rc5+ Kd8 
27.Kg1 Re1+ 28.Rxe1 Rxe1+ 29.Kf2 Rb1 30.Na3 Rb4 31.Ke3 Be6 32.Kd2 Kd7 33.
Kc3 Rf4 34.Rg5 g6 35.Rg3 Kd6 36.Re3 Rf2 37.Rd3+ Bd5 38.Rh3 h5 0-1

[Event "EU-chT Seniors 03rd"]
[Site "Dresden"]
[Date "2001.03.02"]
[Round "6.1"]
[White "Delander, Adolf"]
[Black "Zaitsev, Igor A"]
[Result "1/2-1/2"]
[WhiteElo "2066"]
[BlackElo "2418"]
[EventDate "2001.02.26"]
[PlyCount "75"]

1.d4 Nf6 2.Nf3 g6 3.Nbd2 Bg7 4.e4 d6 5.c3 Nc6 6.Bb5 Bd7 7.O-O O-O 8.Re1 
Nh5 9.Nf1 e5 10.dxe5 Nxe5 11.Bxd7 Nxd7 12.Ng3 Nxg3 13.hxg3 Re8 14.Bg5 Qc8 
15.Nh2 a5 16.f3 a4 17.a3 h5 18.Nf1 Ra5 19.Be3 Qd8 20.Qc2 h4 21.g4 Nc5 22.
Rad1 Ne6 23.Rd5 c6 24.Rxa5 Qxa5 25.Rd1 d5 26.exd5 cxd5 27.Rd2 Rd8 28.Qd1 
Bf6 29.f4 d4 30.cxd4 Bxd4 31.Bxd4 Rxd4 32.Rxd4 Qb6 33.Qxa4 Nxd4 34.Kh1 
Qxb2 35.Qe8+ Kg7 36.Qe5+ Kg8 37.Qe8+ Kg7 38.Qe5+ 1/2-1/2

[Event "EU-chT Seniors 03rd"]
[Site "Dresden"]
[Date "2001.03.02"]
[Round "6.1"]
[White "Hecht, Hans Joachim"]
[Black "Eskandary, Jahja"]
[Result "1-0"]
[WhiteElo "2436"]
[BlackElo "2142"]
[EventDate "2001.02.26"]
[PlyCount "65"]

1.d4 d6 2.Nf3 Nd7 3.c4 e5 4.Nc3 c6 5.e4 Ne7 6.Be3 Ng6 7.Qd2 Be7 8.g3 Nf6 
9.h3 Bd7 10.Rd1 Qc8 11.g4 h6 12.Be2 Nh7 13.c5 dxc5 14.Nxe5 Nxe5 15.dxe5 
Qc7 16.Bf4 Be6 17.Qe3 Nf8 18.Bg3 g5 19.O-O Ng6 20.Nd5 cxd5 21.exd5 Nf4 22.
dxe6 Nxe2+ 23.Qxe2 fxe6 24.Qe4 Kf7 25.f4 Kg7 26.f5 exf5 27.gxf5 Kf8 28.f6 
Bd8 29.Rd6 Qh7 30.Qd5 Bb6 31.e6 c4+ 32.Rxb6 axb6 33.e7+ 1-0

[Event "EU-chT Seniors 03rd"]
[Site "Dresden"]
[Date "2001.03.02"]
[Round "6.1"]
[White "Neudel, Bernd"]
[Black "Kahn, Manfred"]
[Result "0-1"]
[WhiteElo "1782"]
[BlackElo "2107"]
[EventDate "2001.02.26"]
[PlyCount "93"]

1.d4 d5 2.c4 e6 3.Nc3 Bb4 4.Nf3 Nf6 5.e3 O-O 6.Bd2 c5 7.dxc5 Bxc5 8.Be2 
Nc6 9.O-O a6 10.Rc1 dxc4 11.Bxc4 b5 12.Be2 Qb6 13.a3 Bb7 14.Qc2 Be7 15.
Rfd1 Rac8 16.Qb1 h6 17.b4 Rfd8 18.Bd3 Ng4 19.Ne4 Nce5 20.Rxc8 Rxc8 21.Be2 
f5 22.Nxe5 Bxe4 23.Qb2 Rc2 24.Qd4 Qxd4 25.exd4 Nxe5 26.dxe5 Ra2 27.Bh5 
Rxa3 28.Bg6 Rd3 29.Bh5 Rd4 30.Be1 Rxd1 31.Bxd1 Bd5 32.f4 Kf7 33.Kf2 Ke8 
34.g3 g5 35.Ke3 Bd8 36.h4 Bb6+ 37.Kd3 g4 38.Kc3 Kd7 39.Be2 Kc6 40.Bf1 Be4 
41.Be2 Kd5 42.Bd1 Bd4+ 43.Kb3 Bd3 44.Ka2 Ke4 45.Ka3 Ke3 46.Ka2 Be2 47.Bc2 
0-1

[Event "EU-chT Seniors 03rd"]
[Site "Dresden"]
[Date "2001.03.02"]
[Round "6.1"]
[White "Rother, Martin"]
[Black "Alter, Helmut"]
[Result "1/2-1/2"]
[WhiteElo "1859"]
[BlackElo "1784"]
[EventDate "2001.02.26"]
[PlyCount "41"]

1.e4 e6 2.d4 d5 3.exd5 exd5 4.Bd3 Nf6 5.h3 Nc6 6.c3 Be6 7.Nf3 Bd6 8.Be3 
Qd7 9.Nbd2 h6 10.Rc1 O-O 11.a3 Ne7 12.Ne5 Qe8 13.O-O Bf5 14.Ndf3 Be4 15.g4
Ng6 16.Re1 Nxe5 17.dxe5 Bxf3 18.Qxf3 Qxe5 19.Qg2 Ne4 20.Bd4 Qf4 21.Be3 
1/2-1/2

[Event "EU-chT Seniors 03rd"]
[Site "Dresden"]
[Date "2001.03.02"]
[Round "6.1"]
[White "Rotstein, Jefim"]
[Black "Baumgartner, Heinz"]
[Result "0-1"]
[WhiteElo "2344"]
[BlackElo "2366"]
[EventDate "2001.02.26"]
[PlyCount "102"]

1.e4 e5 2.Nf3 Nc6 3.d3 Nf6 4.Be2 d5 5.Nbd2 Bc5 6.O-O O-O 7.c3 a5 8.b3 dxe4
9.dxe4 Qe7 10.a4 Nh5 11.Bc4 Nf4 12.Qc2 Kh8 13.Re1 Bg4 14.h3 Bh5 15.Bf1 
Rad8 16.g3 Ne6 17.Be2 Qf6 18.g4 Nf4 19.Bf1 Bg6 20.Ba3 Bxa3 21.Rxa3 h5 22.
Raa1 hxg4 23.hxg4 Qe6 24.Nh2 f6 25.Re3 Qd7 26.Nc4 Bf7 27.Ree1 Be6 28.Rad1 
Qf7 29.Rxd8 Rxd8 30.Rd1 Rf8 31.f3 g6 32.Qf2 b6 33.Qh4+ Kg7 34.g5 fxg5 35.
Qxg5 Bxc4 36.bxc4 Ne6 37.Qg3 Nc5 38.Bh3 Qf4 39.Qxf4 Rxf4 40.Bd7 Nb8 41.Bg4
Nxa4 42.Rd5 Nxc3 43.Rxe5 Nc6 44.Re8 Rf8 45.Re6 Ne2+ 46.Kf2 Ned4 47.Ke3 a4 
48.c5 bxc5 49.Kd2 a3 50.Rxc6 Nxc6 51.Be6 Ra8 0-1

[Event "EU-chT Seniors 03rd"]
[Site "Dresden"]
[Date "2001.03.02"]
[Round "6.1"]
[White "Stavenhagen, Johannes"]
[Black "Langmann, Claus"]
[Result "0-1"]
[WhiteElo "1862"]
[BlackElo "2001"]
[EventDate "2001.02.26"]
[PlyCount "63"]

1.d4 Nf6 2.c4 c5 3.d5 e6 4.Nc3 d6 5.Bg5 h6 6.Bh4 g5 7.Bg3 e5 8.Qc2 Bg7 9.
e3 O-O 10.Bd3 Nh5 11.Qe2 Nxg3 12.hxg3 f5 13.e4 f4 14.g4 Nd7 15.O-O-O a6 
16.f3 Nf6 17.Nh3 Bd7 18.Rh2 Qa5 19.Rdh1 Rfb8 20.Nf2 b5 21.cxb5 axb5 22.Bb1
b4 23.Ncd1 Bb5 24.Qe1 c4 25.Rxh6 b3 26.Nc3 bxa2 27.Bxa2 Qb4 28.R6h2 Nd7 
29.Qd2 Nc5 30.Qc2 Ba4 31.Qb1 Bb3 32.Re1 0-1

[Event "EU-chT Seniors 03rd"]
[Site "Dresden"]
[Date "2001.03.02"]
[Round "6.1"]
[White "Vasiukov, Evgeni"]
[Black "Rosen, Willy"]
[Result "1-0"]
[WhiteElo "2500"]
[BlackElo "2263"]
[EventDate "2001.02.26"]
[PlyCount "99"]

1.e4 c5 2.Nf3 Nc6 3.d4 cxd4 4.Nxd4 Qb6 5.Nb3 Nf6 6.Nc3 e6 7.Qe2 d6 8.g4 
Be7 9.Be3 Qc7 10.g5 Nd7 11.Nb5 Qb8 12.O-O-O a6 13.N5d4 Qc7 14.f4 b5 15.
Nxc6 Qxc6 16.Bg2 Bb7 17.Na5 Qc7 18.Nxb7 Qxb7 19.Kb1 Rc8 20.e5 d5 21.f5 g6 
22.fxe6 fxe6 23.h4 Bc5 24.h5 Rf8 25.hxg6 hxg6 26.Bxc5 Rxc5 27.Rh6 Rg8 28.
Qd3 Nf8 29.Be4 Qg7 30.Qe3 Qc7 31.Bd3 d4 32.Qxd4 Qxe5 33.Bxg6+ Rxg6 34.Qd8+
Kf7 35.Rf1+ Qf5 36.Rxf5+ Rxf5 37.Qc7+ Ke8 38.b3 Rgxg5 39.Qc8+ Kf7 40.Rh8 
Kg7 41.Rh2 Rf6 42.Qxa6 Kg6 43.Qb7 Rf4 44.Kb2 Kf6 45.Rg2 Rxg2 46.Qxg2 Ng6 
47.Qa8 Ne5 48.Qh8+ Kf5 49.Qf8+ Kg4 50.Qe8 1-0

[Event "EU-chT Seniors 03rd"]
[Site "Dresden"]
[Date "2001.03.02"]
[Round "6.2"]
[White "Biermann, Klaus"]
[Black "Duemmke, Juergen"]
[Result "1/2-1/2"]
[WhiteElo "2027"]
[BlackElo "2050"]
[EventDate "2001.02.26"]
[PlyCount "28"]

1.d4 Nf6 2.Bg5 Ne4 3.Bf4 c5 4.Nd2 Nxd2 5.Qxd2 cxd4 6.Qxd4 Nc6 7.Qd2 d6 8.
e4 g6 9.Nf3 Bg7 10.c3 O-O 11.Be2 a6 12.O-O b5 13.a4 Na5 14.Qc2 Bd7 1/2-1/2

[Event "EU-chT Seniors 03rd"]
[Site "Dresden"]
[Date "2001.03.02"]
[Round "6.2"]
[White "Braun, Gottfried"]
[Black "Eis, Helko"]
[Result "1-0"]
[WhiteElo "2231"]
[BlackElo "2123"]
[EventDate "2001.02.26"]
[PlyCount "87"]

1.e4 d6 2.d4 Nf6 3.Nc3 c6 4.f4 Qa5 5.e5 Ne4 6.Qf3 Nxc3 7.Bd2 Bf5 8.Bd3 
Bxd3 9.cxd3 Qd5 10.bxc3 dxe5 11.fxe5 Qxf3 12.Nxf3 e6 13.Ke2 h6 14.Rhb1 b6 
15.a4 Na6 16.c4 Be7 17.a5 Nc7 18.axb6 axb6 19.Rxa8+ Nxa8 20.Ra1 Kd7 21.
Ra7+ Nc7 22.Rb7 b5 23.Ba5 Rc8 24.Nd2 f6 25.exf6 gxf6 26.Ne4 bxc4 27.dxc4 
c5 28.d5 exd5 29.cxd5 f5 30.Ng3 f4 31.Nf5 Bd6 32.Kf3 Be5 33.Nxh6 Ra8 34.
Bxc7 Ra3+ 35.Kg4 Bxc7 36.Nf5 Kc8 37.Rb5 f3 38.gxf3 Ra4+ 39.Kg5 Bf4+ 40.Kf6
c4 41.Ke6 Kd8 42.d6 Ra8 43.Ne7 Bxh2 44.Rh5 1-0

[Event "EU-chT Seniors 03rd"]
[Site "Dresden"]
[Date "2001.03.02"]
[Round "6.2"]
[White "Hesse, Manfred"]
[Black "Walke, Guenter"]
[Result "1/2-1/2"]
[WhiteElo "1825"]
[BlackElo "1747"]
[EventDate "2001.02.26"]
[PlyCount "22"]

1.c4 e6 2.d4 f5 3.Nc3 Nf6 4.Nf3 c6 5.e3 d5 6.Bd2 Bd6 7.Rc1 O-O 8.c5 Bc7 9.
b4 a6 10.a4 Ne4 11.a5 Nd7 1/2-1/2

[Event "EU-chT Seniors 03rd"]
[Site "Dresden"]
[Date "2001.03.02"]
[Round "6.2"]
[White "Koksch, Guenther"]
[Black "Weise, Wolfgang"]
[Result "0-1"]
[WhiteElo "1996"]
[BlackElo "2148"]
[EventDate "2001.02.26"]
[PlyCount "56"]

1.d4 d5 2.Nc3 Nf6 3.Bg5 Bf5 4.f3 c5 5.e4 dxe4 6.d5 Qb6 7.Bb5+ Bd7 8.Bxd7+ 
Nbxd7 9.fxe4 g6 10.Qd2 Bg7 11.Nf3 Ng4 12.Nd1 O-O 13.O-O Rae8 14.Kh1 f5 15.
exf5 Rxf5 16.Re1 Nge5 17.Nxe5 Nxe5 18.c3 Ref8 19.Be3 Rf1+ 20.Bg1 c4 21.Qe3
Ng4 22.Qxb6 axb6 23.Rxe7 Nf2+ 24.Nxf2 Rxa1 25.d6 Rxf2 26.d7 Rf8 27.h3 Bf6 
28.Re8 Bd8 0-1

[Event "EU-chT Seniors 03rd"]
[Site "Dresden"]
[Date "2001.03.02"]
[Round "6.2"]
[White "Nautsch, Werner"]
[Black "Kholmov, Ratmir D"]
[Result "1/2-1/2"]
[WhiteElo "2206"]
[BlackElo "2478"]
[EventDate "2001.02.26"]
[PlyCount "83"]

1.d4 Nf6 2.c4 e6 3.Nc3 Bb4 4.Qc2 O-O 5.Nf3 d6 6.Bd2 Nbd7 7.a3 Bxc3 8.Bxc3 
Re8 9.Rd1 Qe7 10.e3 b6 11.Be2 Bb7 12.O-O Ne4 13.Be1 a5 14.Nd2 Nxd2 15.Qxd2
a4 16.f3 e5 17.d5 Nc5 18.e4 Bc8 19.Bd3 Rf8 20.Bf2 f5 21.Bxc5 bxc5 22.exf5 
Bxf5 23.Bxf5 Rxf5 24.Qc2 Qd7 25.Rde1 Rb8 26.Re3 Rff8 27.b3 axb3 28.Rxb3 
Qa4 29.Rfb1 Rxb3 30.Qxb3 Qxb3 31.Rxb3 Ra8 32.Kf2 Kf8 33.Rb7 Rxa3 34.Rxc7 
Rc3 35.Rd7 Rxc4 36.Rxd6 Rd4 37.Ke3 h5 38.g3 Kf7 39.h4 g6 40.Rd7+ Kf6 41.
Rd6+ Kf7 42.Rd8 1/2-1/2

[Event "EU-chT Seniors 03rd"]
[Site "Dresden"]
[Date "2001.03.02"]
[Round "6.2"]
[White "Scheipl, Ralf"]
[Black "Ljuboschitz, Alexander"]
[Result "1-0"]
[WhiteElo "2295"]
[BlackElo "2116"]
[EventDate "2001.02.26"]
[PlyCount "71"]

1.c4 g6 2.Nc3 Bg7 3.g3 d6 4.Bg2 e5 5.d3 Nc6 6.Rb1 f5 7.e3 Nf6 8.Nge2 O-O 
9.O-O g5 10.b4 a6 11.a4 Ne7 12.f4 gxf4 13.exf4 Rb8 14.Kh1 Be6 15.Be3 b6 
16.Qc2 Ng6 17.c5 Ng4 18.Bg1 exf4 19.Nxf4 Nxf4 20.Rxf4 Be5 21.Rff1 bxc5 22.
bxc5 Rxb1 23.Rxb1 f4 24.gxf4 Bxf4 25.Qe2 Qf6 26.Nd5 Qh6 27.Nxf4 Rxf4 28.
cxd6 cxd6 29.d4 Rf2 30.Qxa6 Rxg2 31.Qa8+ Kg7 32.Qxg2 Qh5 33.Rb5 d5 34.Rb6 
Bf5 35.Qxd5 Bd3 36.Qd7+ 1-0

[Event "EU-chT Seniors 03rd"]
[Site "Dresden"]
[Date "2001.03.02"]
[Round "6.2"]
[White "Shestoperov, Aleksej"]
[Black "Rahls, Peter"]
[Result "1/2-1/2"]
[WhiteElo "2437"]
[BlackElo "2299"]
[EventDate "2001.02.26"]
[PlyCount "139"]

1.d4 c5 2.d5 e5 3.e4 d6 4.Nc3 a6 5.a4 Be7 6.Bd3 Bg5 7.Nf3 Bxc1 8.Qxc1 Ne7 
9.Nd2 Nd7 10.Nc4 Nb6 11.Ne3 Ng6 12.a5 Nd7 13.g3 O-O 14.h4 Nf6 15.Nc4 Ne8 
16.Na4 Bd7 17.Nab6 Rb8 18.Nxd7 Qxd7 19.Qe3 Ne7 20.f4 exf4 21.gxf4 Nf6 22.
O-O-O Ng4 23.Qg3 h5 24.f5 Nc8 25.Be2 b5 26.Bxg4 bxc4 27.Be2 Qa4 28.Qc3 Na7
29.Rhg1 f6 30.Qa3 Qxa3 31.bxa3 Nb5 32.Bxc4 Nxa3 33.Bxa6 Ra8 34.Rg3 Rxa6 
35.Rxa3 Rfa8 36.Kd2 Rxa5 37.Rxa5 Rxa5 38.Rb1 Ra7 39.Rb6 Rd7 40.Kd3 Kf7 41.
Kc4 Re7 42.Rxd6 Rxe4+ 43.Kxc5 Rxh4 44.Re6 Rf4 45.c4 Rxf5 46.Kd6 Rf1 47.c5 
g5 48.c6 h4 49.c7 Rc1 50.Kd7 h3 51.c8=Q Rxc8 52.Kxc8 g4 53.Re1 h2 54.d6 g3
55.d7 g2 56.d8=Q g1=Q 57.Re7+ Kg6 58.Qg8+ Kf5 59.Qh7+ Kg5 60.Rg7+ Kf4 61.
Qh4+ Kf5 62.Qh5+ Kf4 63.Qh6+ Kf5 64.Rh7 Qg8+ 65.Kd7 Qd5+ 66.Ke7 Qe6+ 67.
Kf8 Qc8+ 68.Kg7 Qb7+ 69.Kg8 Qa8+ 70.Kg7 1/2-1/2

[Event "EU-chT Seniors 03rd"]
[Site "Dresden"]
[Date "2001.03.02"]
[Round "6.2"]
[White "Starke, Burkhard"]
[Black "Schneider, Georg"]
[Result "1-0"]
[WhiteElo "2089"]
[BlackElo "2106"]
[EventDate "2001.02.26"]
[PlyCount "74"]

1.Nf3 Nf6 2.d4 c5 3.d5 e6 4.c4 exd5 5.cxd5 d6 6.Nc3 g6 7.g3 Bg7 8.Bg2 O-O 
9.O-O Na6 10.h3 Nc7 11.a4 a6 12.a5 Rb8 13.e4 Re8 14.Re1 b5 15.axb6 Rxb6 
16.Ra2 Rb4 17.Nd2 Qe7 18.Nf1 Ncxd5 19.e5 Rd4 20.exf6 Qxe1 21.Qxe1 Rxe1 22.
Nxd5 Bxf6 23.Nxf6+ Kg7 24.Be3 Rdd1 25.Ne4 Be6 26.Rxa6 Rxf1+ 27.Bxf1 Bc4 
28.Rxd6 Rxf1+ 29.Kg2 Re1 30.Nd2 Be6 31.Bxc5 Bc8 32.Bd4+ Kh6 33.Rb6 Be6 34.
Be3+ Kg7 35.Rxe6 fxe6 36.b4 Rc1 37.b5 Kf6 1-0

[Event "EU-chT Seniors 03rd"]
[Site "Dresden"]
[Date "2001.03.02"]
[Round "6.2"]
[White "Weigel, Hans Juergen"]
[Black "Mueller, Siegmar"]
[Result "1/2-1/2"]
[WhiteElo "1958"]
[BlackElo "1839"]
[EventDate "2001.02.26"]
[PlyCount "98"]

1.b4 e5 2.Bb2 Bxb4 3.Bxe5 Nf6 4.Nf3 Nc6 5.Bb2 O-O 6.e3 Re8 7.Be2 d5 8.O-O 
Bf5 9.d3 Qd6 10.a3 Ba5 11.Nbd2 Re7 12.c4 Bxd2 13.Qxd2 dxc4 14.dxc4 Qxd2 
15.Nxd2 Ne4 16.Nf3 Rd8 17.Rfd1 Red7 18.Rxd7 Rxd7 19.Rd1 Rxd1+ 20.Bxd1 Be6 
21.Bc2 Nd6 22.c5 Nc4 23.Bc1 h6 24.Kf1 N4e5 25.Nd4 Bc4+ 26.Ke1 Kf8 27.Be4 
Nxd4 28.exd4 Nd3+ 29.Bxd3 Bxd3 30.Bf4 c6 31.Kd2 Be4 32.g3 Ke7 33.Ke3 Bc2 
34.h4 Ke6 35.Bd6 h5 36.Bf8 g6 37.Kf4 Kd5 38.Bg7 a5 39.Bh8 a4 40.Bf6 Bf5 
41.Bg7 Be6 42.Bf6 Kc4 43.Ke5 Kb3 44.d5 Bxd5 45.Kd4 Kxa3 46.Kc3 Ka2 47.Bg5 
Bb3 48.Bc1 Kb1 49.Ba3 Ka2 1/2-1/2

[Event "EU-chT Seniors 03rd"]
[Site "Dresden"]
[Date "2001.03.02"]
[Round "6.3"]
[White "Brameyer, Hermann"]
[Black "Arkhangelsky, Boris"]
[Result "0-1"]
[WhiteElo "2215"]
[BlackElo "2318"]
[EventDate "2001.02.26"]
[PlyCount "101"]

1.d4 d5 2.Nf3 c6 3.c4 e6 4.e3 Nf6 5.Bd3 Nbd7 6.b3 Bd6 7.Bb2 O-O 8.O-O Qe7 
9.Ne5 Ne4 10.f3 Nef6 11.Nd2 c5 12.f4 cxd4 13.exd4 Ba3 14.Bxa3 Qxa3 15.c5 
Nb8 16.Ndf3 Na6 17.Re1 Nb4 18.Bb1 Bd7 19.Nxd7 Nxd7 20.f5 Nf6 21.fxe6 fxe6 
22.Rxe6 Rae8 23.Rxe8 Rxe8 24.Qd2 b6 25.Bf5 bxc5 26.dxc5 Na6 27.Qc1 Qxc5+ 
28.Qxc5 Nxc5 29.Rc1 Nce4 30.Nd4 g6 31.Be6+ Kf8 32.b4 Ng5 33.Bc8 Re4 34.Rd1
Ke7 35.a4 Kd8 36.Ba6 Ne6 37.Nxe6+ Rxe6 38.Bc4 Rd6 39.Rd4 Ke7 40.Bd3 Ke6 
41.b5 Ke5 42.Rb4 d4 43.a5 Nd5 44.Rb3 Nf4 45.b6 axb6 46.axb6 Rd8 47.Rb5+ 
Ke6 48.Be4 Ne2+ 49.Kf1 Nc3 50.Ra5 Nxe4 51.Ra7 0-1

[Event "EU-chT Seniors 03rd"]
[Site "Dresden"]
[Date "2001.03.02"]
[Round "6.3"]
[White "Funk, Paul"]
[Black "Landgraf, Siegfried"]
[Result "1-0"]
[WhiteElo "2133"]
[BlackElo "2172"]
[EventDate "2001.02.26"]
[PlyCount "78"]

1.d4 g6 2.Nf3 Bg7 3.c4 d6 4.Nc3 Bg4 5.e3 Nc6 6.Be2 e5 7.d5 Nce7 8.h3 Bxf3 
9.Bxf3 Nf6 10.e4 a5 11.Be3 Nd7 12.g4 h6 13.Qd2 Nc5 14.Rc1 Nc8 15.h4 Nb6 
16.Be2 Nbd7 17.h5 g5 18.f3 O-O 19.b3 b6 20.Bd1 Bf6 21.Ne2 Qb8 22.Nc3 Na6 
23.a3 Qb7 24.Kf2 Rfd8 25.Kg3 Be7 26.Rb1 f6 27.b4 axb4 28.axb4 Kg7 29.Ba4 
Nab8 30.Ra1 Bf8 31.Qb2 c5 32.bxc5 Nxc5 33.Bxc5 dxc5 34.Rhb1 Rd6 35.Bb5 
Rxa1 36.Rxa1 Rd8 37.Qa2 Bd6 38.Qa7 Qc7 39.Qxc7+ Bxc7 1-0

[Event "EU-chT Seniors 03rd"]
[Site "Dresden"]
[Date "2001.03.02"]
[Round "6.3"]
[White "Groiss, Karl"]
[Black "Neubert, Gerhard"]
[Result "0-1"]
[WhiteElo "1885"]
[BlackElo "1849"]
[EventDate "2001.02.26"]
[PlyCount "72"]

1.d4 d5 2.c4 e6 3.Nc3 f5 4.Nf3 Nf6 5.e3 c6 6.cxd5 exd5 7.Bd3 Bd6 8.h3 O-O 
9.O-O Ne4 10.Qb3 Kh8 11.Ne2 Nd7 12.Qc2 Qe7 13.a3 Ndf6 14.Nd2 Bd7 15.Nf3 
Rg8 16.Ne1 Bc7 17.f3 Qd6 18.f4 g5 19.Nf3 g4 20.hxg4 Nxg4 21.Bxe4 fxe4 22.
Ne5 Qe7 23.Nxg4 Rxg4 24.Rf2 Rag8 25.g3 Qg7 26.Rg2 Rg6 27.Kf2 Rh6 28.Bd2 
Bg4 29.Ng1 Rh1 30.Rc1 h5 31.Ne2 Rxc1 32.Bxc1 Bf3 33.Rg1 Bd8 34.Ke1 Qg4 35.
Nc3 Bh4 36.Qh2 Rg7 0-1

[Event "EU-chT Seniors 03rd"]
[Site "Dresden"]
[Date "2001.03.02"]
[Round "6.3"]
[White "Harzer, Paul"]
[Black "Kohlschmidt, Christoph"]
[Result "1/2-1/2"]
[WhiteElo "2066"]
[BlackElo "1826"]
[EventDate "2001.02.26"]
[PlyCount "24"]

1.d4 Nf6 2.Nf3 g6 3.Bg5 Bg7 4.Nbd2 d5 5.e3 c6 6.Bd3 O-O 7.O-O Bg4 8.h3 
Bxf3 9.Nxf3 Nbd7 10.c3 Re8 11.Bf4 Nh5 12.Bh2 f5 1/2-1/2

[Event "EU-chT Seniors 03rd"]
[Site "Dresden"]
[Date "2001.03.02"]
[Round "6.3"]
[White "Khanukov, Boris"]
[Black "Winiwarter, Felix"]
[Result "1-0"]
[WhiteElo "2263"]
[BlackElo "2269"]
[EventDate "2001.02.26"]
[PlyCount "129"]

1.d4 Nf6 2.c4 g6 3.Nc3 Bg7 4.e4 d6 5.Nf3 O-O 6.Be2 e5 7.O-O exd4 8.Nxd4 
Re8 9.f3 Nbd7 10.Kh1 a5 11.Bg5 h6 12.Bh4 Nc5 13.Ndb5 g5 14.Bf2 Ne6 15.Re1 
Nd7 16.Bf1 Ndc5 17.Qd2 Bd7 18.Red1 Bc6 19.Nd5 Be5 20.b3 Kh8 21.Qc2 Bxb5 
22.cxb5 c6 23.bxc6 bxc6 24.Ne3 Nd4 25.Qc4 Nce6 26.Nf5 Qc7 27.Nxh6 Rad8 28.
Ng4 Bg7 29.Qc1 Qe7 30.Bc4 Nf4 31.Be3 Nde6 32.Qc2 Nf8 33.Rd2 Nd7 34.Rad1 
Ne5 35.Nxe5 Bxe5 36.Bb6 Ra8 37.Bd4 Rad8 38.Qc3 Ng6 39.Qxa5 d5 40.Bf1 Bxd4 
41.Rxd4 Nf4 42.Qc3 Qf6 43.Qe1 c5 44.R4d2 d4 45.b4 g4 46.bxc5 Ne6 47.fxg4 
Qe5 48.Bc4 Nxc5 49.Rxd4 Kh7 50.Rxd8 Rxd8 51.h3 Rxd1 52.Qxd1 Nxe4 53.Bd3 f5
54.Bxe4 fxe4 55.Qd7+ Kh8 56.Qf5 Qd4 57.Qf4 Qd3 58.Qf8+ Kh7 59.Qf5+ Kh8 60.
g5 Qd1+ 61.Kh2 Qd6+ 62.Kg1 Qd1+ 63.Qf1 Qd4+ 64.Qf2 e3 65.Qf6+ 1-0

[Event "EU-chT Seniors 03rd"]
[Site "Dresden"]
[Date "2001.03.02"]
[Round "6.3"]
[White "Lauterbach, Eberhard"]
[Black "Appelt, Gerd"]
[Result "1/2-1/2"]
[WhiteElo "1293"]
[BlackElo "1991"]
[EventDate "2001.02.26"]
[PlyCount "112"]

1.d4 Nf6 2.c4 e6 3.Nc3 Bb4 4.e3 b6 5.Nf3 Bb7 6.Be2 O-O 7.O-O Bxc3 8.bxc3 
Nc6 9.Ba3 Re8 10.Qc2 Ne7 11.Nd2 d6 12.f3 c5 13.Bd3 Qd7 14.e4 e5 15.d5 Ng6 
16.Rf2 Nf4 17.Nf1 Nxd3 18.Qxd3 Qa4 19.Bc1 Ba6 20.Ne3 g6 21.Qc2 Qd7 22.a4 
Reb8 23.Qa2 Qc7 24.Rb2 Bc8 25.a5 bxa5 26.Qxa5 Qxa5 27.Rxa5 Rxb2 28.Bxb2 a6
29.Nd1 Nd7 30.Ba1 Nb6 31.Nb2 Kf8 32.Kf2 Ke7 33.Ke3 Rb8 34.Kd3 Na8 35.Kc2 
Nc7 36.Nd3 Bd7 37.Nb2 f5 38.h3 fxe4 39.fxe4 Rf8 40.Nd3 Rf1 41.Kd2 h5 42.
Ke2 Rf8 43.Bb2 g5 44.Bc1 Kf6 45.Nf2 Kg6 46.g3 Rb8 47.h4 g4 48.Nd3 Rf8 49.
Ne1 Bc8 50.Bg5 Rf7 51.Ra2 Ne8 52.Rb2 Rb7 53.Rxb7 Bxb7 54.Bd8 Kf7 55.Kd2 
Bc8 56.Nd3 Ng7 1/2-1/2

[Event "EU-chT Seniors 03rd"]
[Site "Dresden"]
[Date "2001.03.02"]
[Round "6.3"]
[White "Morgner, Siegfried"]
[Black "Salzmann, Helmut"]
[Result "1-0"]
[WhiteElo "1662"]
[BlackElo "1926"]
[EventDate "2001.02.26"]
[PlyCount "63"]

1.Nf3 d5 2.d4 Nf6 3.c4 e6 4.Nc3 dxc4 5.e3 c5 6.Bxc4 a6 7.a4 Be7 8.O-O O-O 
9.Re1 Nc6 10.Ba2 b6 11.h3 Qc7 12.Qe2 Nb4 13.Bb1 Bb7 14.e4 cxd4 15.Nxd4 Bc5
16.Nf3 Rac8 17.e5 Nfd5 18.Bxh7+ Kxh7 19.Ng5+ Kg8 20.Qh5 Rfe8 21.Qh7+ Kf8 
22.Qh8+ Ke7 23.Qh4 Rg8 24.Nce4 Nc2 25.Nxe6+ Kxe6 26.Qg4+ Ke7 27.Bg5+ Kf8 
28.e6 Nxe1 29.Rxe1 fxe6 30.Qxe6 Qf7 31.Nxc5 bxc5 32.Qd6+ 1-0

[Event "EU-chT Seniors 03rd"]
[Site "Dresden"]
[Date "2001.03.02"]
[Round "6.3"]
[White "Rost van Tonningen, Otto"]
[Black "Beckel, Friedrich"]
[Result "0-1"]
[WhiteElo "2047"]
[BlackElo "1955"]
[EventDate "2001.02.26"]
[PlyCount "62"]

1.e4 c5 2.a3 Nc6 3.b4 cxb4 4.axb4 Nxb4 5.c3 Nc6 6.d4 d5 7.exd5 Qxd5 8.Nf3 
e5 9.Be3 exd4 10.cxd4 Bb4+ 11.Nbd2 Nf6 12.Be2 Bxd2+ 13.Qxd2 O-O 14.O-O Ne4
15.Qb2 a5 16.Rfc1 Nb4 17.Bc4 Qf5 18.Ne5 Be6 19.Bxe6 Qxe6 20.Rc7 b5 21.Rd1 
Nd5 22.Rc6 Nd6 23.Qe2 Rfc8 24.Rdc1 b4 25.R1c5 Nc3 26.Qf3 Nce4 27.Rxc8+ 
Rxc8 28.Rxa5 b3 29.Nd3 Qc4 30.Qe2 b2 31.Nxb2 Qxe2 0-1

[Event "EU-chT Seniors 03rd"]
[Site "Dresden"]
[Date "2001.03.02"]
[Round "6.3"]
[White "Schulz, Guenter"]
[Black "Kaden, Guenter"]
[Result "1-0"]
[WhiteElo "1705"]
[BlackElo "1809"]
[EventDate "2001.02.26"]
[PlyCount "30"]

1.e4 c6 2.f4 g6 3.Nf3 Bg7 4.d4 d6 5.Bd3 Qb6 6.c3 Nd7 7.Na3 Qc7 8.O-O e6 9.
f5 e5 10.fxg6 hxg6 11.Bc4 f6 12.Qb3 Ne7 13.Bf7+ Kf8 14.Ng5 Nb6 15.Be6 Ng8 
1-0

[Event "EU-chT Seniors 03rd"]
[Site "Dresden"]
[Date "2001.03.02"]
[Round "6.3"]
[White "Shabanov, Yuri"]
[Black "Krueger, Erich"]
[Result "1-0"]
[WhiteElo "2467"]
[BlackElo "2207"]
[EventDate "2001.02.26"]
[PlyCount "117"]

1.e4 c6 2.d4 d5 3.e5 Bf5 4.c3 e6 5.Be3 Nd7 6.Qb3 Qb6 7.Nd2 h5 8.f4 Ne7 9.
Ngf3 h4 10.Be2 Qxb3 11.axb3 a6 12.b4 Nb6 13.Rg1 Bg4 14.Nf1 Nf5 15.Bf2 Bxf3
16.Bxf3 Be7 17.Ne3 g6 18.b3 O-O-O 19.Nc2 Kc7 20.Ke2 Kb8 21.Rh1 Na8 22.g4 
hxg3 23.hxg3 Nc7 24.Kd3 Rdg8 25.g4 Ng7 26.Ne3 Kc8 27.Kd2 Kb8 28.Be2 Kc8 
29.Bd3 Kd8 30.Rag1 Ke8 31.Ke2 Kf8 32.Kf3 Nb5 33.Be1 Nc7 34.c4 Nge8 35.Bd2 
b5 36.f5 gxf5 37.gxf5 Rxh1 38.Rxh1 exf5 39.Nxf5 Ne6 40.Bh6+ N8g7 41.Nxg7 
Rxg7 42.Rg1 Nxd4+ 43.Ke3 Ne6 44.Bxg7+ Nxg7 45.cxd5 cxd5 46.Kd4 Ne6+ 47.
Kxd5 Nf4+ 48.Kd4 Nxd3 49.Kxd3 Bxb4 50.Rc1 a5 51.Rc8+ Ke7 52.Rb8 f6 53.
exf6+ Kxf6 54.Rxb5 Ke6 55.Rxb4 axb4 56.Kc4 Kd6 57.Kxb4 Kc6 58.Ka5 Kb7 59.
Kb5 1-0

[Event "EU-chT Seniors 03rd"]
[Site "Dresden"]
[Date "2001.03.02"]
[Round "6.4"]
[White "Belov, Vadim G"]
[Black "Lieb, Harald"]
[Result "1/2-1/2"]
[WhiteElo "2308"]
[BlackElo "2229"]
[EventDate "2001.02.26"]
[PlyCount "20"]

1.e4 e6 2.d4 d5 3.exd5 exd5 4.Bd3 Nf6 5.Nf3 Be7 6.O-O O-O 7.Bg5 h6 8.Bh4 
Nc6 9.c3 Ne4 10.Bxe7 Nxe7 1/2-1/2

[Event "EU-chT Seniors 03rd"]
[Site "Dresden"]
[Date "2001.03.02"]
[Round "6.4"]
[White "Kalmutzki, Manfred"]
[Black "Koller, Karl"]
[Result "1/2-1/2"]
[WhiteElo "1783"]
[BlackElo "1804"]
[EventDate "2001.02.26"]
[PlyCount "99"]

1.d4 d5 2.e3 Nf6 3.f4 c5 4.c3 e6 5.Nf3 c4 6.Be2 Be7 7.O-O O-O 8.Ne5 Ne4 9.
Nd2 b5 10.Nxe4 dxe4 11.b3 f6 12.Ng4 Ba6 13.bxc4 bxc4 14.Qa4 Qc8 15.Rb1 Nd7
16.Qc2 Nb6 17.Bd2 Bb7 18.Nf2 f5 19.g4 Bc6 20.Bc1 Qc7 21.Bb2 Bd6 22.Qd2 
Rad8 23.g5 g6 24.Qc1 Qe7 25.h4 h6 26.Nh1 hxg5 27.hxg5 Kg7 28.Kg2 Rh8 29.
Ng3 Rh7 30.Rh1 Rdh8 31.Rxh7+ Rxh7 32.Qd2 Bd5 33.Rh1 Ba3 34.Rxh7+ Kxh7 35.
Qc1 Bd6 36.Qh1+ Kg8 37.Qh6 Qh7 38.Qxh7+ Kxh7 39.Bd1 a5 40.Kf2 Bc6 41.Ke2 
Ba4 42.Nf1 Bb5 43.Nd2 Kg7 44.Nb1 Kf7 45.Ba3 Ke7 46.Bxd6+ Kxd6 47.Na3 Bc6 
48.Kd2 Kd5 49.Bc2 Bd7 50.Bd1 1/2-1/2

[Event "EU-chT Seniors 03rd"]
[Site "Dresden"]
[Date "2001.03.02"]
[Round "6.4"]
[White "Mann, Dieter"]
[Black "Van Houten, Henk"]
[Result "1-0"]
[WhiteElo "1881"]
[BlackElo "1750"]
[EventDate "2001.02.26"]
[PlyCount "43"]

1.e4 c5 2.c3 e5 3.d4 cxd4 4.cxd4 Qa5+ 5.Bd2 Bb4 6.dxe5 Nc6 7.Nf3 Nxe5 8.
Nxe5 Bxd2+ 9.Qxd2 Qxe5 10.Nc3 Ne7 11.Be2 a6 12.O-O h5 13.f4 Qc5+ 14.Kh1 
Rh6 15.Rac1 Qb6 16.e5 d6 17.Ne4 dxe5 18.fxe5 Be6 19.Nd6+ Kf8 20.Qg5 Qxb2 
21.Bxh5 Ng6 22.Bxg6 1-0